[Event "35. DSenEM 65+"]
[Site "Bad Wildungen"]
[Date "2023.07.20"]
[Round "4.36"]
[White "Huber, Helmut"]
[Black "Schubert, Hans-Joachim"]
[Result "1/2-1/2"]
[WhiteElo "1661"]
[BlackElo "1534"]
[PlyCount "118"]
[EventDate "2023.??.??"]
[WhiteTeam "Brackweder Schachklub von 1924"]
[BlackTeam "Schachgruppe Rochade Disteln"]

1. Nf3 d5 2. d4 Nf6 3. Bf4 e6 4. e3 Be7 5. Nc3 Nbd7 6. Bd3 a6 7. O-O O-O 8. Re1 b5 9. Ne5 Nxe5 10. dxe5 Nd7 11. Qg4 f5 12. exf6 Nxf6 13. Qe2 c5 14. Qd1 c4 15. Be2 Bb7 16. Rc1 Qd7 17. Bf3 Kh8 18. Be5 Bd6 19. Bxd6 Qxd6 20. e4 Qd8 21. e5 Ne8 22. Qd4 Qc8 23. Bg4 Nc7 24. Rcd1 Qe8 25. Qb6 Qc6 26. Qd4 b4 27. Ne2 Nb5 28. Qe3 d4 29. Qh3 Rfe8 30. Nxd4 Nxd4 31. Rxd4 a5 32. Bf3 Qb6 33. Red1 Bxf3 34. Qxf3 Red8 35. Rd6 Qc7 36. h3 h6 37. Qe4 Rxd6 38. Rxd6 Qf7 39. Qxc4 Qf5 40. Qe2 Qg5 41. Rd1 Rd8 42. Rxd8+ Qxd8 43. Qd3 Qg5 44. Qe3 Qf5 45. Qe2 Qg5 46. Kh2 Qc1 47. Qc4 Qxb2 48. Qxe6 Qxc2 49. Qe8+ Kh7 50. e6 Qxf2 51. Qf7 Qd4 52. Qf5+ Kh8 53. Qf8+ Kh7 54. Qf5+ Kh8 55. Qf8+ Kh7 56. Qb8 Qe4 57. Qd6 a4 58. e7 b3 59. axb3 axb3 1/2-1/2

[Event "35. DSenEM 65+"]
[Site "Bad Wildungen"]
[Date "2023.07.20"]
[Round "4.37"]
[White "Walther, Reinhard"]
[Black "Kramell, Ralph Friedrich Kurt"]
[Result "1-0"]
[WhiteElo "1953"]
[BlackElo "1765"]
[PlyCount "85"]
[EventDate "2023.??.??"]
[WhiteTeam "SK 1911 Herzogenaurach e.V."]
[BlackTeam "SG 2011 Sennewitz e.V."]

1. d4 Nf6 2. Bg5 c6 3. Nc3 d5 4. e3 Nbd7 5. Nf3 Qc7 6. Bf4 Qd8 7. h3 e6 8. Bd3 c5 9. Nb5 Qa5+ 10. Qd2 Qxd2+ 11. Nxd2 c4 12. Be2 Nb6 13. Nc7+ Kd7 14. Nxa8 Nxa8 15. c3 b5 16. f3 Nh5 17. Bh2 f5 18. g4 fxg4 19. hxg4 Nf6 20. g5 Ne8 21. Kf2 Be7 22. Bf4 Nac7 23. Rh2 Nd6 24. Rah1 h6 25. gxh6 g5 26. Be5 Rh7 27. f4 Nf5 28. Rh5 gxf4 29. Bxf4 Ne8 30. Bg4 Nf6 31. Bxf5 exf5 32. Rxf5 Ke8 33. Rg5 Ng4+ 34. Kg3 Bxg5 35. Bxg5 Kf7 36. Rf1+ Nf6 37. Rf4 Kg6 38. Bxf6 Rxh6 39. Bh4 Rh8 40. Nf3 Re8 41. Ne5+ Kg7 42. Bf6+ Kg8 43. Rh4 1-0

[Event "35. DSenEM 65+"]
[Site "Bad Wildungen"]
[Date "2023.07.20"]
[Round "4.38"]
[White "Plewka, Manfred"]
[Black "Wagner, Guenter"]
[Result "1-0"]
[WhiteElo "1915"]
[BlackElo "1709"]
[PlyCount "79"]
[EventDate "2023.??.??"]
[WhiteTeam "SV VHS Rendsburg"]
[BlackTeam "SV 1946 Gross-Gerau"]

1. e4 d6 2. d4 Nf6 3. Bd3 e5 4. c3 Nbd7 5. Bg5 Be7 6. Nf3 c6 7. h3 O-O 8. O-O Re8 9. Nbd2 Qc7 10. Rc1 Nf8 11. dxe5 dxe5 12. Nc4 Ng6 13. Qd2 Be6 14. Qe3 b5 15. Ncd2 Rad8 16. Bb1 Rd7 17. c4 b4 18. b3 c5 19. Rfd1 Red8 20. Qe1 h6 21. Bxf6 Bxf6 22. Nf1 a5 23. Ne3 Rxd1 24. Rxd1 Rxd1 25. Qxd1 Qd7 26. Nd5 Bd8 27. Qc1 f6 28. Bc2 Ne7 29. Qe3 Qa7 30. Ne1 Nc6 31. Nd3 Nd4 32. Bd1 Bf7 33. f4 exf4 34. Qxf4 Be6 35. Qd6 Qa8 36. Kf1 Qc8 37. Bg4 Bc7 38. Ne7+ Kh8 39. Nxc8 Bxd6 40. Nxd6 1-0

[Event "35. DSenEM 65+"]
[Site "Bad Wildungen"]
[Date "2023.07.20"]
[Round "4.39"]
[White "Zechel, Rolf-Ruediger"]
[Black "Rache, Ralf"]
[Result "1/2-1/2"]
[WhiteElo "1731"]
[BlackElo "1910"]
[PlyCount "39"]
[EventDate "2023.??.??"]
[WhiteTeam "SK Kaltenkirchen"]
[BlackTeam "Aachener Schachverein 1856 e. V."]

1. d4 Nf6 2. Bg5 Ne4 3. Bf4 c5 4. f3 Qa5+ 5. c3 Nf6 6. d5 d6 7. e4 g6 8. Bd3 Bg7 9. Ne2 O-O 10. Na3 a6 11. Nc4 Qc7 12. a4 b6 13. O-O Nbd7 14. Qd2 Bb7 15. Bh6 b5 16. axb5 axb5 17. Na3 c4 18. Bc2 Ra5 19. Bxg7 Kxg7 20. Kh1 1/2-1/2

[Event "35. DSenEM 65+"]
[Site "Bad Wildungen"]
[Date "2023.07.20"]
[Round "4.40"]
[White "Thielemann, Joachim"]
[Black "Seidel, Arnold"]
[Result "1-0"]
[WhiteElo "1727"]
[BlackElo "1906"]
[PlyCount "103"]
[EventDate "2023.??.??"]
[WhiteTeam "SV Eutin von 1875"]
[BlackTeam "SV Kali Wolmirstedt"]

1. e4 e5 2. Nc3 Nf6 3. g3 Bc5 4. Bg2 d6 5. h3 Nc6 6. d3 h6 7. Nge2 Be6 8. O-O Qc8 9. Kh2 Nh7 10. f4 exf4 11. Nxf4 Bd7 12. Nce2 Nf6 13. c3 Ne7 14. d4 Bb6 15. e5 dxe5 16. dxe5 Nh7 17. Qb3 Ng5 18. h4 Ne6 19. Nd4 Nc5 20. Qc4 c6 21. b4 Ne6 22. Be3 Bc7 23. Nf3 Nf5 24. Rae1 Nxf4 25. gxf4 Bd8 26. Bf2 Be7 27. h5 Qd8 28. Rd1 Qc7 29. Nd4 Qc8 30. Rfe1 Nxd4 31. Rxd4 Bg4 32. Re2 Bxh5 33. e6 fxe6 34. Qxe6 Qxe6 35. Rxe6 Bf7 36. Re3 Rd8 37. Rde4 Rd7 38. Bh3 Rc7 39. Bh4 O-O 40. Rxe7 Rxe7 41. Rxe7 Bxa2 42. f5 Bb1 43. Rxb7 Bxf5 44. Bg2 Re8 45. Bf2 Re2 46. Kg3 g5 47. Bxc6 Be6 48. Bd4 Rd2 49. Rxa7 Rd3+ 50. Kf2 g4 51. Re7 Bf5 52. Bd5+ 1-0

[Event "35. DSenEM 65+"]
[Site "Bad Wildungen"]
[Date "2023.07.20"]
[Round "4.41"]
[White "Haelsig, Guenter"]
[Black "Moews, Harald"]
[Result "1-0"]
[WhiteElo "1894"]
[BlackElo "1704"]
[PlyCount "105"]
[EventDate "2023.??.??"]
[WhiteTeam "USV Potsdam e.V., Abt. Schach"]
[BlackTeam "Ahrensburger TSV"]

1. Nf3 e6 2. d4 d6 3. c4 Be7 4. Nc3 Nf6 5. e4 O-O 6. h3 Ne8 7. Bf4 g6 8. Bh6 Ng7 9. g4 b6 10. Qe2 c5 11. O-O-O cxd4 12. Nxd4 e5 13. Nf3 Nc6 14. Nd5 Be6 15. Kb1 Qc8 16. Rc1 Bd8 17. Qe3 Qb7 18. g5 Bxd5 19. cxd5 Nb8 20. Bxg7 Kxg7 21. h4 a5 22. Bb5 Ra7 23. Nd2 Na6 24. Qh3 Qe7 25. Nf3 Nc5 26. Rce1 f5 27. gxf6+ Qxf6 28. Ng5 h6 29. Reg1 hxg5 30. hxg5 Qxg5 31. Rxg5 Bxg5 32. Qh7+ Kf6 33. Qxa7 Nxe4 34. Qxb6 Kg7 35. Qxa5 Rxf2 36. Qa7+ Rf7 37. Qb6 Nd2+ 38. Ka1 Rf3 39. Re1 Rf6 40. Qb7+ Rf7 41. Qb6 Rf6 42. Rh1 Bh6 43. Rxh6 Kxh6 44. Qe3+ Rf4 45. Qxd2 g5 46. a4 Rd4 47. Qh2+ Kg6 48. Bd7 g4 49. a5 Rxd5 50. b4 Rd4 51. Kb2 e4 52. a6 e3 53. a7 1-0

[Event "35. DSenEM 65+"]
[Site "Bad Wildungen"]
[Date "2023.07.20"]
[Round "4.43"]
[White "Blosze, Winfried"]
[Black "Otten, Arnold"]
[Result "1-0"]
[WhiteElo "1845"]
[BlackElo "1494"]
[Annotator "hugo5"]
[PlyCount "69"]
[EventDate "2023.??.??"]
[WhiteTeam "SV Koenigsspr. 1929 Grossauheim"]
[BlackTeam "ESV Rot-Weiss Goettingen"]

1. e4 e6 2. d4 d5 3. exd5 exd5 4. Bd3 Nf6 5. Ne2 Be7 6. O-O O-O 7. Nbc3 Nbd7 8. Bf4 a6 9. Ng3 Nb6 10. Re1 Be6 11. Bf5 Bd7 12. Bxc7 Qxc7 13. Rxe7 Rfe8 14. Rxe8+ Rxe8 15. Bxd7 Qxd7 16. h3 Nc4 17. Qc1 Nd6 18. Qg5 h6 19. Qd2 Nc4 20. Qc1 b5 21. b3 Nd6 22. Qd2 Re6 23. Re1 Qe7 24. Rxe6 Qxe6 25. f3 a5 26. Kf2 g5 27. Qe2 b4 28. Nb1 Qxe2+ 29. Kxe2 Kf8 30. Kd3 h5 31. a3 h4 32. Ne2 Ke7 33. axb4 axb4 34. c3 bxc3 35. Nbxc3 {(Rest nicht nachvollziehbar. Später 1:0 (80))} 1-0

[Event "35. DSenEM 65+"]
[Site "Bad Wildungen"]
[Date "2023.07.20"]
[Round "4.44"]
[White "Berger, Volkmar"]
[Black "Dierkes, Heinrich"]
[Result "0-1"]
[WhiteElo "1698"]
[BlackElo "1786"]
[PlyCount "130"]
[EventDate "2023.??.??"]
[WhiteTeam "Schachclub Senioren Cottbus"]
[BlackTeam "SK Koenigsspringer Wewelsburg"]

1. d4 d5 2. c4 c6 3. Nc3 Nf6 4. Nf3 Bf5 5. e3 e6 6. Bd3 dxc4 7. Bxc4 Bd6 8. O-O O-O 9. Re1 b5 10. Bd3 Bxd3 11. Qxd3 b4 12. Ne4 Nxe4 13. Qxe4 Be7 14. Bd2 a5 15. Rac1 Ra6 16. Qd3 c5 17. Qc4 cxd4 18. Nxd4 e5 19. Nf5 Bf6 20. Red1 Rc6 21. Qe2 Qb6 22. Be1 Rxc1 23. Rxc1 Qe6 24. Qg4 Kh8 25. a3 bxa3 26. bxa3 a4 27. h3 Qa6 28. Qc4 Qxc4 29. Rxc4 g6 30. Bb4 Rd8 31. Rc7 Na6 32. Rxf7 Kg8 33. Rxf6 Nxb4 34. Ng3 Rd1+ 35. Kh2 Nd3 36. Ne2 Rb1 37. Nc3 Rb3 38. Nxa4 Rxa3 39. Nb6 Ra2 40. Nd5 Kg7 41. Nc3 Rc2 42. Ne4 Nc5 43. Nxc5 Kxf6 44. Ne4+ Kg7 45. Kg3 h6 46. Kf3 Rc7 47. g3 Ra7 48. g4 Kf7 49. h4 Ke7 50. Kg3 Ra3 51. Kf3 Ra8 52. Kg3 Rf8 53. Nc3 Kd6 54. f3 Kc5 55. f4 exf4+ 56. exf4 Kd4 57. Nd1 Ke4 58. Nf2+ Kd4 59. Nh3 Ra8 60. f5 gxf5 61. g5 Rg8 62. Kf2 f4 63. Kf1 h5 64. Ng1 Ra8 65. Kg2 Ra2+ 0-1

[Event "35. DSenEM 65+"]
[Site "Bad Wildungen"]
[Date "2023.07.20"]
[Round "4.45"]
[White "Wenske, Hardy"]
[Black "Hartstock, Elmar"]
[Result "1-0"]
[WhiteElo "1710"]
[BlackElo "1831"]
[PlyCount "117"]
[EventDate "2023.??.??"]
[WhiteTeam "Kieler SG von 1884"]
[BlackTeam "SC Ansbach 1855 e.V."]

1. d4 d5 2. Nf3 Nf6 3. e3 e6 4. Bd3 c5 5. b3 Nc6 6. O-O cxd4 7. exd4 Bd6 8. Re1 Qc7 9. Bb2 b6 10. a3 Bb7 11. Ne5 O-O-O 12. Qe2 Kb8 13. Nd2 Bxe5 14. dxe5 Nd7 15. Nf3 h6 16. b4 Rc8 17. Rac1 Qd8 18. Ba6 Re8 19. Bxb7 Kxb7 20. Red1 Rc7 21. c4 Ne7 22. Nd4 a6 23. f4 Qb8 24. Qf3 Rec8 25. Nb3 g5 26. Bd4 Rxc4 27. Rxc4 Rxc4 28. fxg5 hxg5 29. Qxf7 Qd8 30. Qxe6 Rc6 31. Qg4 Rc4 32. Qxg5 Nc6 33. Qxd8 Nxd8 34. Ba1 Nc6 35. Rxd5 Kc7 36. g3 Re4 37. Kf2 Ndxe5 38. Bxe5+ Nxe5 39. h3 Nc6 40. h4 Rc4 41. h5 Rc3 42. Nd2 Ne7 43. Re5 Kd7 44. Re3 Rc6 45. g4 Rf6+ 46. Rf3 Rd6 47. Ne4 Rh6 48. g5 Rc6 49. h6 Rc2+ 50. Kg3 Rc1 51. Rf6 Rg1+ 52. Kh2 Rg4 53. Rd6+ Kc7 54. Rd4 b5 55. Kh3 Rg1 56. Ng3 Rxg3+ 57. Kxg3 Nf5+ 58. Kg4 Nxd4 59. h7 1-0

[Event "35. DSenEM 65+"]
[Site "Bad Wildungen"]
[Date "2023.07.20"]
[Round "4.46"]
[White "Lekakh, Mikhail"]
[Black "Pos, Joshua"]
[Result "1/2-1/2"]
[WhiteElo "1804"]
[BlackElo "1404"]
[PlyCount "72"]
[EventDate "2023.??.??"]
[WhiteTeam "Oberbilker Schachverein 1960"]
[BlackTeam "SC Papenburg"]

1. e4 e6 2. e5 d5 3. Nf3 c5 4. c3 Nc6 5. Bb5 Bd7 6. Ba4 Nge7 7. Bc2 Ng6 8. d4 Qb6 9. O-O Rc8 10. h4 h5 11. g3 Be7 12. Re1 Nf8 13. Kg2 g6 14. b3 cxd4 15. cxd4 Nb4 16. Bd3 Nxd3 17. Qxd3 Bb5 18. Qd1 f6 19. exf6 Bxf6 20. Ba3 Nd7 21. Bb2 O-O 22. Na3 Ba6 23. Nc2 Rc6 24. Ba3 Rfc8 25. Nb4 R6c7 26. Nxa6 Qxa6 27. Bc1 Rc6 28. Bf4 Qa3 29. Ne5 Nxe5 30. Bxe5 Bxe5 31. Rxe5 Rf8 32. Qe2 Qb4 33. Rd1 Qe7 34. Re1 Qf7 35. f4 Rfc8 36. Qb5 a6 1/2-1/2

[Event "35. DSenEM 65+"]
[Site "Bad Wildungen"]
[Date "2023.07.20"]
[Round "4.47"]
[White "Josting, Friedel"]
[Black "Partsch, Manfred"]
[Result "1/2-1/2"]
[WhiteElo "1795"]
[BlackElo "1478"]
[PlyCount "79"]
[EventDate "2023.??.??"]
[WhiteTeam "Schachgemeinschaft Buende 1945"]
[BlackTeam "Potsdamer SV Mitte e.V."]

1. Nf3 b6 2. g3 Bb7 3. Bg2 e6 4. c4 Nf6 5. Nc3 c5 6. d3 Be7 7. O-O O-O 8. Re1 d5 9. cxd5 exd5 10. d4 Nbd7 11. e3 Ne4 12. Bd2 f5 13. Qb3 Ndf6 14. Rad1 Rb8 15. h3 a6 16. Bc1 c4 17. Qc2 Qc7 18. Ne5 Bd6 19. Nxe4 Nxe4 20. b3 Bxe5 21. dxe5 Qxe5 22. Bxe4 fxe4 23. bxc4 Rbc8 24. Bb2 Qf5 25. Rd4 Qxh3 26. Qe2 Rc6 27. Qf1 Qxf1+ 28. Rxf1 Rxc4 29. Rxc4 dxc4 30. Rd1 Bc6 31. Rd6 Rc8 32. Kf1 g6 33. Ke2 Kf7 34. Kd2 Ke7 35. Ba3 Kf7 36. Kc3 b5 37. Bb4 Kg7 38. Kd4 Kh6 39. Bc3 Kg5 40. Kc5 1/2-1/2

[Event "35. DSenEM 65+"]
[Site "Bad Wildungen"]
[Date "2023.07.20"]
[Round "4.48"]
[White "Nemoj, Ilja"]
[Black "Walther, Renate"]
[Result "1-0"]
[WhiteElo "1792"]
[BlackElo "1222"]
[PlyCount "71"]
[EventDate "2023.??.??"]
[WhiteTeam "Schachverein Horst-Emscher 31"]
[BlackTeam "SK 1911 Herzogenaurach e.V."]

1. d4 d5 2. Bf4 Nf6 3. e3 e6 4. Bd3 Nc6 5. c3 Bd6 6. Bg3 Ne4 7. Bxe4 dxe4 8. Qg4 g6 9. Qxe4 Ne7 10. Qd3 Nf5 11. e4 Nxg3 12. hxg3 c6 13. Nd2 Qb6 14. Nc4 Qc7 15. Nxd6+ Qxd6 16. O-O-O Qe7 17. f4 Bd7 18. Nf3 O-O-O 19. e5 f6 20. exf6 Qxf6 21. Qc4 Kb8 22. Ne5 Qg7 23. Rhe1 Qf6 24. Nxd7+ Rxd7 25. Rxe6 Qg7 26. Rde1 Rdd8 27. Qb4 Qd7 28. a4 Qd5 29. R1e5 Qxg2 30. Re7 Qf1+ 31. Kc2 Qa6 32. Rg7 Rc8 33. Ree7 Ka8 34. Qxb7+ Qxb7 35. Rxb7 Rb8 36. Rxa7# 1-0

[Event "35. DSenEM 65+"]
[Site "Bad Wildungen"]
[Date "2023.07.20"]
[Round "4.49"]
[White "Schumacher, Ursula"]
[Black "Prause, Dieter"]
[Result "0-1"]
[WhiteElo "1531"]
[BlackElo "1779"]
[PlyCount "62"]
[EventDate "2023.??.??"]
[WhiteTeam "Bad Neuenahr"]
[BlackTeam "Schachklub Delbrueck"]

1. c4 Nf6 2. Nc3 g6 3. Nf3 Bg7 4. d4 O-O 5. g3 d6 6. Bg2 c6 7. O-O Nh5 8. e3 f5 9. Ne2 Na6 10. a3 Nc7 11. Ng5 h6 12. Nh3 Be6 13. b3 Bf7 14. Rb1 e5 15. f4 e4 16. Bb2 a5 17. a4 b5 18. cxb5 cxb5 19. Nc3 b4 20. Ne2 Nd5 21. Qd2 Nhf6 22. Rbc1 Ng4 23. Rc6 Ndxe3 24. Rfc1 Nxg2 25. Kxg2 Bd5 26. Kg1 Bxc6 27. Rxc6 Qd7 28. d5 Rfc8 29. Bxg7 Kxg7 30. Nd4 Kf7 31. Qe2 Rxc6 0-1

[Event "35. DSenEM 65+"]
[Site "Bad Wildungen"]
[Date "2023.07.20"]
[Round "4.50"]
[White "Kaland, Joachim"]
[Black "Kube, Hannelore"]
[Result "0-1"]
[WhiteElo "1458"]
[BlackElo "1916"]
[PlyCount "40"]
[EventDate "2023.??.??"]
[WhiteTeam "Koenigsspr. SC.1984 e.V."]
[BlackTeam "SV Medizin Erfurt"]

1. e4 e5 2. Nc3 Bc5 3. Bc4 Nf6 4. d3 d6 5. Bg5 c6 6. Bxf6 Qxf6 7. Qf3 Qe7 8. Na4 Bb4+ 9. c3 Ba5 10. b4 b5 11. bxa5 bxc4 12. d4 O-O 13. Nb2 exd4 14. cxd4 d5 15. Qe2 Qb4+ 16. Kf1 Ba6 17. f3 c3 18. Nd3 Qxd4 19. Rd1 Re8 20. Qf2 Bxd3+ 0-1

[Event "35. DSenEM 65+"]
[Site "Bad Wildungen"]
[Date "2023.07.20"]
[Round "4.51"]
[White "Dorn, Hans-Juergen"]
[Black "Andrijenko, Anatoliy"]
[Result "0-1"]
[WhiteElo "1729"]
[BlackElo "1803"]
[PlyCount "52"]
[EventDate "2023.??.??"]
[WhiteTeam "Schachclub Bayer Uerdingen 1923"]
[BlackTeam "SF Koeln-Longerich 1956"]

1. d4 Nf6 2. Nf3 g6 3. e3 Bg7 4. Be2 d5 5. O-O O-O 6. Nbd2 b6 7. Bd3 Bb7 8. c3 Nbd7 9. Qe2 Re8 10. e4 dxe4 11. Nxe4 Nxe4 12. Bxe4 Bxe4 13. Qxe4 e5 14. dxe5 Nxe5 15. Nxe5 Bxe5 16. Qe2 Qd6 17. g3 Re6 18. Be3 Rae8 19. Rad1 Qc6 20. Qd3 Qa4 21. Qb1 Bd6 22. b3 Qc6 23. Qd3 a5 24. Bd2 Bc5 25. Rde1 Rd6 26. Rxe8+ Qxe8 0-1

[Event "35. DSenEM 65+"]
[Site "Bad Wildungen"]
[Date "2023.07.20"]
[Round "4.52"]
[White "Wolter, Guenter"]
[Black "Schneidereit, Manfred"]
[Result "1-0"]
[WhiteElo "1775"]
[BlackElo "1678"]
[Annotator "hugo5"]
[PlyCount "73"]
[EventDate "2023.??.??"]
[WhiteTeam "TSG Neustrelitz"]
[BlackTeam "Jueterbog"]

1. Nf3 d5 2. g3 g6 3. Bg2 Bg7 4. O-O Nf6 5. d3 O-O 6. Nbd2 c6 7. Qe1 Qc7 8. e4 e5 9. exd5 Nxd5 10. c3 Bf5 11. Ne4 Nd7 12. Be3 b6 13. Nh4 Be6 14. Ng5 Qd6 15. Nxe6 Qxe6 16. Qd2 Nxe3 17. Qxe3 Rac8 18. Nf3 f6 19. Rfe1 Qd6 20. Rad1 f5 21. Nd2 b5 22. Nb3 Nb6 23. a3 Qc7 24. Nc5 Qf7 25. f4 Nd5 26. Bxd5 Qxd5 27. fxe5 Bh6 28. Qf2 f4 29. d4 fxg3 30. Qxg3 Rf3 31. Qg4 Rf5 32. Qe4 Rg5+ 33. Kh1 Qxe4+ 34. Nxe4 Rf8 35. Nxg5 Bxg5 36. Rf1 Re8 37. Rf3 {(Zeit)} 1-0

[Event "35. DSenEM 65+"]
[Site "Bad Wildungen"]
[Date "2023.07.20"]
[Round "4.53"]
[White "Jacob, Karl-Heinz"]
[Black "Schmieder, Wolfgang Ernst"]
[Result "1-0"]
[WhiteElo "1687"]
[BlackElo "1754"]
[PlyCount "59"]
[EventDate "2023.??.??"]
[WhiteTeam "SG 1951 Sonneberg"]
[BlackTeam "SK Hofgeismar"]

1. Nf3 d5 2. c4 dxc4 3. Qa4+ Nc6 4. Qxc4 e6 5. g3 g6 6. Bg2 Bg7 7. O-O Nge7 8. Nc3 O-O 9. b4 a6 10. Rb1 b5 11. Qb3 Bb7 12. e3 Ne5 13. Nxe5 Bxg2 14. Nxf7 Rxf7 15. Kxg2 Qd6 16. Ne4 Qc6 17. d3 Raf8 18. Bb2 Nf5 19. Bxg7 Nxg7 20. Qc3 Qxc3 21. Nxc3 Nf5 22. Ne4 Ng7 23. Rbc1 Ra8 24. Rc5 h6 25. Rfc1 Ne8 26. Rc6 Nd6 27. Nxd6 cxd6 28. Rxd6 Re7 29. Rcc6 Rae8 30. Rxa6 1-0

[Event "35. DSenEM 65+"]
[Site "Bad Wildungen"]
[Date "2023.07.20"]
[Round "4.54"]
[White "Hassler, Rolf"]
[Black "Geibel, Henning"]
[Result "1-0"]
[WhiteElo "1695"]
[BlackElo "1384"]
[PlyCount "29"]
[EventDate "2023.??.??"]
[WhiteTeam "Hellertaler Schachfreunde 1954"]
[BlackTeam "Ahrensburger TSV"]

1. e4 e5 2. Nf3 d6 3. Bc4 Bg4 4. O-O Nc6 5. c3 Qf6 6. Be2 O-O-O 7. d3 b6 8. Be3 Bxf3 9. Bxf3 Nge7 10. b4 a6 11. a4 d5 12. b5 axb5 13. axb5 d4 14. bxc6 dxe3 15. Ra8# 1-0

[Event "35. DSenEM 65+"]
[Site "Bad Wildungen"]
[Date "2023.07.20"]
[Round "4.55"]
[White "Ludwig, Richard"]
[Black "Ross, Heinrich"]
[Result "1/2-1/2"]
[WhiteElo "1489"]
[BlackElo "1602"]
[PlyCount "45"]
[EventDate "2023.??.??"]
[WhiteTeam "SV Irxleben von 1919"]
[BlackTeam "SG Springer Burghaun"]

1. e4 e5 2. Nf3 Nc6 3. Bc4 Be7 4. c3 Nf6 5. d3 d5 6. exd5 Nxd5 7. O-O O-O 8. Re1 Bf6 9. Nbd2 a6 10. Ne4 Be6 11. Nxf6+ Qxf6 12. Bg5 Qg6 13. Bh4 f6 14. Bg3 Rad8 15. Bb3 Kh8 16. Bc2 Qg4 17. Re4 Nf4 18. h3 Qh5 19. Bxf4 Bd5 20. Re1 Bxf3 21. Qxf3 Qxf3 22. gxf3 exf4 23. Re2 1/2-1/2

[Event "35. DSenEM 65+"]
[Site "Bad Wildungen"]
[Date "2023.07.20"]
[Round "4.56"]
[White "Bierwald, Martin"]
[Black "Semisch, Helga"]
[Result "1/2-1/2"]
[WhiteElo "1540"]
[BlackElo "1408"]
[PlyCount "30"]
[EventDate "2023.??.??"]
[WhiteTeam "Koenigsspr. SC.1984 e.V."]
[BlackTeam "SV Schmalkalden 04"]

1. e4 c6 2. d4 d5 3. exd5 cxd5 4. Bd3 f5 5. Bf4 Nf6 6. Nf3 Nc6 7. c3 e6 8. Nbd2 Be7 9. O-O O-O 10. Re1 Nh5 11. Bg3 Nxg3 12. hxg3 Re8 13. Ne5 Bd6 14. Ndf3 h6 15. Bb5 a6 1/2-1/2

[Event "35. DSenEM 65+"]
[Site "Bad Wildungen"]
[Date "2023.07.21"]
[Round "5.1"]
[White "Heinig, Wolfram"]
[Black "Schmidt, Bodo"]
[Result "1-0"]
[WhiteElo "2217"]
[BlackElo "2262"]
[PlyCount "85"]
[EventDate "2023.??.??"]
[WhiteTeam "SK Zehlendorf e.V."]
[BlackTeam "SC 1919 Siegburg e. V."]

1. c4 c6 2. e4 d5 3. exd5 cxd5 4. d4 Nf6 5. Nc3 a6 6. Nf3 Nc6 7. Bg5 Ne4 8. cxd5 Nxc3 9. bxc3 Qxd5 10. Be2 e6 11. O-O Be7 12. Bxe7 Nxe7 13. Ne5 O-O 14. Bf3 Qa5 15. Qb3 Qc7 16. Rab1 Rd8 17. Qb6 Qxb6 18. Rxb6 f6 19. Nc4 Nd5 20. Bxd5 exd5 21. Ne3 Kf7 22. Re1 g5 23. g3 Ra7 24. f4 gxf4 25. gxf4 Re8 26. Kf2 Rd8 27. a4 Bd7 28. Nxd5 Bc6 29. Re7+ Kf8 30. Rxc6 bxc6 31. Rxa7 cxd5 32. Rxh7 Rd6 33. Ke3 Rc6 34. Kd3 Rc4 35. Rd7 Rxa4 36. Rxd5 Ke7 37. h4 Ra1 38. h5 Ke6 39. Rc5 a5 40. h6 Rh1 41. Rxa5 Rxh6 42. f5+ Ke7 43. Ke4 1-0

[Event "35. DSenEM 65+"]
[Site "Bad Wildungen"]
[Date "2023.07.21"]
[Round "5.2"]
[White "Schulz, Michael"]
[Black "Schmid, Wolfgang"]
[Result "1/2-1/2"]
[WhiteElo "2229"]
[BlackElo "2100"]
[PlyCount "75"]
[EventDate "2023.??.??"]
[WhiteTeam "SC Zitadelle Spandau 1977 e.V."]
[BlackTeam "Stuttgarter SF 1879"]

1. d4 Nf6 2. Bg5 d5 3. Bxf6 exf6 4. e3 c6 5. c4 f5 6. Nc3 Bb4 7. Qb3 Bxc3+ 8. bxc3 O-O 9. Nf3 dxc4 10. Bxc4 Nd7 11. O-O b5 12. Bd3 Nb6 13. Qc2 g6 14. Ne5 Qe8 15. Be2 Be6 16. Bf3 Rc8 17. Nd3 Bd5 18. Nc5 Nd7 19. e4 fxe4 20. Nxe4 Bxe4 21. Bxe4 Nf6 22. Bf3 Qd8 23. Rfd1 Nd5 24. a4 a6 25. c4 Nb6 26. axb5 axb5 27. cxb5 cxb5 28. Qb3 Na4 29. Rd3 Qg5 30. g3 Rc1+ 31. Rxc1 Qxc1+ 32. Kg2 Qc4 33. Bd5 Qxb3 34. Bxb3 Rd8 35. Kf3 Nc5 36. Rc3 Nxb3 37. Rxb3 Rxd4 38. Rxb5 1/2-1/2

[Event "35. DSenEM 65+"]
[Site "Bad Wildungen"]
[Date "2023.07.21"]
[Round "5.3"]
[White "Namyslo, Holger"]
[Black "Buchal, Stephan"]
[Result "1/2-1/2"]
[WhiteElo "2085"]
[BlackElo "2211"]
[PlyCount "56"]
[EventDate "2023.??.??"]
[WhiteTeam "TG Biberach 1847 e.V."]
[BlackTeam "SAbt SV Werder Bremen"]

1. b3 e5 2. Bb2 d6 3. e3 g6 4. d4 Bg7 5. dxe5 Nd7 6. Nf3 Nxe5 7. Nxe5 Bxe5 8. Nc3 f5 9. Qd2 Nf6 10. O-O-O Bd7 11. Bc4 Bc6 12. f3 Qd7 13. Nd5 Bxb2+ 14. Kxb2 Bxd5 15. Bxd5 O-O-O 16. Qd4 Qe7 17. Rhe1 c6 18. Bc4 Kb8 19. Bf1 Rhe8 20. g3 Qe5 21. c3 Re7 22. Kc2 Nd5 23. e4 fxe4 24. Qxe5 Rxe5 25. fxe4 Nf6 26. Bd3 Kc7 27. Re2 Rde8 28. Rf1 Nd7 1/2-1/2

[Event "35. DSenEM 65+"]
[Site "Bad Wildungen"]
[Date "2023.07.21"]
[Round "5.4"]
[White "Kyas, Juergen"]
[Black "Brueggemann, Joachim"]
[Result "1/2-1/2"]
[WhiteElo "2139"]
[BlackElo "2287"]
[PlyCount "47"]
[EventDate "2023.??.??"]
[WhiteTeam "SV Eiche Reichenbrand"]
[BlackTeam "Erfurter Schachklub"]

1. e4 c5 2. Nf3 e6 3. d4 cxd4 4. Nxd4 a6 5. Nc3 Qc7 6. g3 Nc6 7. Bg2 Nf6 8. O-O Nxd4 9. Qxd4 Bc5 10. Bf4 d6 11. Qd2 h6 12. Rad1 e5 13. Be3 Bxe3 14. fxe3 Be6 15. Qxd6 Rc8 16. h3 Nd7 17. Qxc7 Rxc7 18. Rf2 Nb6 19. Nd5 Bxd5 20. exd5 Nc4 21. d6 Rd7 22. Bd5 Nxd6 23. Bxf7+ Ke7 24. Bd5 1/2-1/2

[Event "35. DSenEM 65+"]
[Site "Bad Wildungen"]
[Date "2023.07.21"]
[Round "5.5"]
[White "Juhnke, Juergen"]
[Black "Partenheimer, Axel"]
[Result "1/2-1/2"]
[WhiteElo "2253"]
[BlackElo "2123"]
[PlyCount "48"]
[EventDate "2023.??.??"]
[WhiteTeam "HSK Lister Turm"]
[BlackTeam "Duesseldorfer Schachklub 14/25 e"]

1. e4 c5 2. Nf3 Nc6 3. d4 cxd4 4. Nxd4 Nf6 5. Nc3 d6 6. Bc4 Qb6 7. Nb3 e6 8. Bg5 Be7 9. Bxf6 gxf6 10. Qh5 Bd7 11. O-O a6 12. Kh1 Ne5 13. Be2 O-O-O 14. a4 Kb8 15. a5 Qc7 16. Nd4 Qc5 17. Rfd1 Ng6 18. Qxc5 dxc5 19. Nb3 Bc6 20. f3 Rxd1+ 21. Bxd1 Rd8 22. Be2 Ne5 23. Rd1 Rxd1+ 24. Nxd1 Ba4 1/2-1/2

[Event "35. DSenEM 65+"]
[Site "Bad Wildungen"]
[Date "2023.07.21"]
[Round "5.6"]
[White "Babrikowski, Peter"]
[Black "Pruefer, Friedbert"]
[Result "1/2-1/2"]
[WhiteElo "2127"]
[BlackElo "2235"]
[PlyCount "74"]
[EventDate "2023.??.??"]
[WhiteTeam "SV Schott Jena"]
[BlackTeam "TSG 1861 Taucha"]

1. e4 d5 2. exd5 Qxd5 3. Nc3 Qd6 4. d4 Nf6 5. Nf3 c6 6. a4 Bg4 7. Be2 Nbd7 8. Be3 e6 9. Nd2 Bf5 10. O-O Nb6 11. h3 Be7 12. a5 Nbd5 13. Nc4 Qc7 14. Nxd5 Nxd5 15. Bd2 O-O 16. Bg4 Bxg4 17. Qxg4 Bf6 18. Rfe1 c5 19. dxc5 Qxc5 20. c3 Qc7 21. Qe4 Rac8 22. Ne5 Rfd8 23. a6 b5 24. Ng4 Be7 25. Be3 Bc5 26. Bxc5 Qxc5 27. Qe5 Qb6 28. h4 Rc4 29. Qg3 Qc7 30. Ne5 Rc5 31. Rad1 f6 32. Nd3 Qxg3 33. fxg3 Rc6 34. Nb4 Rcd6 35. Nxd5 exd5 36. Re7 Rxa6 37. Rb7 Rb6 1/2-1/2